000 01037cam a22003253a 4500
001 16396209
003 OSt
005 20140310184352.0
008 980317m19879999nyua j 000 1 eng d
010 _a 97808521
020 _a078073002504
035 _a(OCoLC)ocm38735876
040 _aIOC
_cIOC
_dDLC
050 _aPZ 7
_b.M647 1987
100 1 _aMiller, Marvin.
_96424
245 1 0 _aYou be the jury /
_cMarvin Miller ; illustrations by Bob Roper, Colin Mier.
260 _aNew York :
_bScholastic,
_c1987.
300 _a91 p. :
_bill. ;
_c20 cm.
500 _aFirst vol. has no subtitle; subsequest vols. subtitled Courtroom I, Courtroom II, ...
521 _aG5
526 _c880
650 0 _aFiction
_9746
655 7 _aMystery fiction.
_2gsafd
_94089
700 1 _aRoper, Bob,
_eill.
_922138
700 1 _aMier, Colin,
_eill.
_922139
710 2 _aCopyright Paperback Collection (Library of Congress)
_5DLC
_9705
906 _a7
_bcbc
_ccopycat
_d2
_encip
_f19
_gy-genrareb
942 _2lcc
_cBK-SCHOLAS
999 _c33964
_d33964